000 00267nam a2200109Ia 4500
008 220204s9999 xx 000 0 und d
082 _a025.3
_bKNI
100 _aKnight, Norman G
245 0 _aIndexing, the art of
260 _aLondon
_bGeorge Allen
_c1979
942 _cBK
999 _c37076
_d37076